Statistics for Songs From Movies Quiz

Click here to take the quiz!

General Stats

  • This quiz has been taken 34,566 times
    (16,357 since last reset)
  • The average score is 13 of 24

Answer Stats

Song Year Movie % Correct
Over the Rainbow1939The Wizard of Oz
92%
My Heart Will Go On1997Titanic
86%
Circle of Life1994The Lion King
86%
Eye of the Tiger1982Rocky III
79%
(I've Had) The Time
of My Life
1987Dirty Dancing
77%
Do-Re-Mi1965The Sound of Music
77%
Stayin' Alive1977Saturday Night Fever
66%
I Will Always Love You1992The Bodyguard
66%
When You Wish
upon a Star
1940Pinocchio
63%
Mrs. Robinson1967The Graduate
56%
Everything is Awesome2014The Lego Movie
55%
Lose Yourself20028 Mile
52%
Take My Breath Away1986Top Gun
51%
Unchained Melody1990Ghost
48%
Happy2013Despicable Me 2
47%
I Don't Want to Miss
a Thing
1998Armageddon
45%
Maniac1983Flashdance
42%
(Everything I Do)
I Do It for You
1991Robin Hood:
Prince of Thieves
39%
As Time Goes By1942Casablanca
36%
Moon River1961Breakfast at Tiffanys
34%
I Believe I Can Fly1996Space Jam
34%
Wind Beneath My Wings1988Beaches
33%
Rainbow Connection1979The Muppet Movie
28%
Gangsta's Paradise1995Dangerous Minds
21%

Score Distribution

Percentile by Number Answered

Percent of People with Each Score

Your Score History

You have not taken this quiz since the last reset